Araba : zuzenbidea, hisotira : [erakusketaren katalogoa] = Álava : derecho, historia : [catálogo de la exposición] / textos: Gregorio Monreal Zia, Roldán Jimeno Aranguren zuzenbidea, hisotira :
ISBN:
978-84-7821-717-5
Descripción Física:
179 p. : il. col. ; 32 cm + 2 DVD
Materias:
Àlaba -- Història -- Exposicions
MARC
| LEADER | 00000nam a2200000Ia 4500 | ||
|---|---|---|---|
| 001 | 20792 | ||
| 008 | 160829s2008 xx 000 0 cat d | ||
| 710 | 1 | |a Àlaba (País Basc). |b Diputación Foral |9 54505 | |
| 952 | |0 0 |1 0 |4 0 |6 FOL351 |7 1 |9 49893 |a Arxiu |b Arxiu |d 2016-12-01 |l 0 |o FOL-3-51 |p 20792 |r 2016-12-01 00:00:00 |w 2016-12-01 |y ARXIU | ||
| 999 | |c 53735 |d 53735 | ||
| 020 | |a 978-84-7821-717-5 | ||
| 080 | |a FOL-3-51 | ||
| 245 | |a Araba : |b zuzenbidea, hisotira : |b [erakusketaren katalogoa] = Álava : |b derecho, historia : |b [catálogo de la exposición] / textos: |b Gregorio Monreal Zia, Roldán Jimeno Aranguren | ||
| 260 | |a Álava : |b Diputación Foral de Álava, |c 2008 | ||
| 300 | |a 179 p. : |b il. col. ; |c 32 cm + 2 DVD | ||
| 546 | |a Text en castellà i basc. | ||
| 590 | |a Els DVD inclouen imatges en pdf d'algunes de les obres exposades. | ||
| 650 | 0 | |a Àlaba |x Història |x Exposicions |9 40765 | |
| 700 | |a Monreal Zia, Gregorio |9 40767 | ||
| 700 | |a Jimeno Aranguren, Roldán |9 40768 | ||
| 901 | |a Arxiu | ||
| 942 | |n 1 |2 udc | ||